أثر الظروف الطارئة في عقود المدة : (رقم التسجيلة. 179921)

تفاصيل مارك
000 -LEADER
fixed length control field 04344namaa22004091i 4500
003 - CONTROL NUMBER IDENTIFIER
control field OSt
005 - أخر تعامل مع التسجيلة
control field 20260503124714.0
008 - FIXED-LENGTH DATA ELEMENTS--GENERAL INFORMATION
fixed length control field 250827s2025 ua a|||frm||| 000 0 eng d
040 ## - CATALOGING SOURCE
Original cataloguing agency EG-GICUC
Language of cataloging ara
Transcribing agency EG-GICUC
Modifying agency EG-GICUC
Description conventions rda
041 0# - LANGUAGE CODE
Language code of text/sound track or separate title ara
Language code of summary or abstract ara
-- eng
049 ## - Acquisition Source
Acquisition Source إيداع
082 04 - DEWEY DECIMAL CLASSIFICATION NUMBER
Classification number 253.1
092 ## - LOCALLY ASSIGNED DEWEY CALL NUMBER (OCLC)
Classification number 253.1
Edition number 21
097 ## - Degree
Degree دكتـــــوراه‎
099 ## - LOCAL FREE-TEXT CALL NUMBER (OCLC)
Local Call Number Cai01.06.04.Ph.D.2025.حم.أ
100 0# - MAIN ENTRY--PERSONAL NAME
Authority record control number or standard number ،حميد حمود العازمي
Preparation إعداد.
245 10 - TITLE STATEMENT
Title أثر الظروف الطارئة في عقود المدة :
Remainder of title دراسة فقهية مقارنة بالقانونِ الكويتي والقانونِ المصري في ضوء أحكام الشريعة الإسلامية /
Statement of responsibility, etc. إعداد حميد حمود العازمي؛ إشراف أ. د/ محمد قاسم المنسي.
246 15 - VARYING FORM OF TITLE
Title proper/short title The impact of emergency circumstances on term contracts :
Remainder of title A comparative jurisprudential study of kuwaiti and egyptian law in light of islamic sharia provisions /
264 #0 - PRODUCTION, PUBLICATION, DISTRIBUTION, MANUFACTURE, AND COPYRIGHT NOTICE
Date of production, publication, distribution, manufacture, or copyright notice 2025.
300 ## - PHYSICAL DESCRIPTION
Extent 246 صفحة :
Other physical details إيضاحيات ؛
Dimensions 30 سم. +
Accompanying material CD.
336 ## - CONTENT TYPE
Content type term text
Source rda content
337 ## - MEDIA TYPE
Media type term Unmediated
Source rdamedia
338 ## - CARRIER TYPE
Carrier type term volume
Source rdacarrier
502 ## - DISSERTATION NOTE
Dissertation note أطروحة (دكتوراه)-جامعة القاهرة، 2025.
504 ## - BIBLIOGRAPHY, ETC. NOTE
Bibliography, etc. note ببليوجرافيا: صفحات 218-237.
520 ## - SUMMARY, ETC.
Summary, etc. هدفت هذه الدراسة إلى تسليط الضوء على الأحكام الفقهية المتعلقة بنظرية العذر الطارئ في الفقه الإسلامي ومدى توافقها مع التشريعات المدنية، لا سيما قانون المعاملات المدني الكويتي والقانون المدني المصري. كما تناولت الدراسة الأحكام والضوابط الشرعية المتعلقة بآثار الظروف الطارئة على عقود المدة من منظور فقهي وقانوني. وركزت بشكل خاص على التكييف الفقهي لتطبيق هذه النظرية على العقود ذات المدة المختلفة ومقارنتها بأحكام القانون المدني في الكويت ومصر. بالإضافة إلى ذلك، سعت الدراسة إلى بيان مدى قدرة الفقه الإسلامي على الاستجابة لمتطلبات الأزمنة المختلفة من خلال أحكام وتشريعات تتناسب مع واقعها، كما توصلت الدراسة إلى إثبات صلاحية الشريعة الإسلامية لكل زمان ومكان، وإلى مرونتها في التعامل مع المستجدات الواقعية، بما فيها الظروف الطارئة.
520 ## - SUMMARY, ETC.
Summary, etc. This study aimed to shed light on the jurisprudential provisions related to the theory of emergency excuse in Islamic jurisprudence and their compatibility with civil legislation, particularly the Kuwaiti Civil Transactions Law and the Egyptian Civil Law. The study also examined the Shari'a provisions and controls related to the effects of emergency circumstances on term contracts from a jurisprudential and legal perspective. It focused specifically on the jurisprudential adaptation of this theory to contracts of different terms and compared it to the provisions of the civil laws in Kuwait and Egypt. Furthermore, the study sought to demonstrate the ability of Islamic jurisprudence to respond to the requirements of different times through provisions and legislation appropriate to their context. The study also demonstrated the validity of Islamic law for all times and places, and its flexibility in dealing with real-life developments, including emergency circumstances.
530 ## - ADDITIONAL PHYSICAL FORM AVAILABLE NOTE
Issues CD صدر أيضًا كقرص مدمج.
546 ## - LANGUAGE NOTE
Text Language النص بالعربية والملخص باللغة الإنجليزية والعربية.
650 #7 - SUBJECT ADDED ENTRY--TOPICAL TERM
Topical term or geographic name entry element العقد
Source of heading or term qrmak
653 #0 - INDEX TERM--UNCONTROLLED
Uncontrolled term العذر الطارئ
-- الفقه الاسلامي
-- الشريعة الإسلامية
700 0# - ADDED ENTRY--PERSONAL NAME
Personal name محمد قاسم المنسي
Relator term مشرف أطروحة.
900 ## - Thesis Information
Grant date 01-01-2025
Supervisory body محمد قاسم المنسي
Discussion body أحمد موافي
-- محمد عوض
Universities جامعة القاهرة
Faculties كلية دار العـلوم
Department قسم الشريعة الاسلامية
905 ## - Cataloger and Reviser Names
Cataloger Name Sara Salah
942 ## - ADDED ENTRY ELEMENTS (KOHA)
Source of classification or shelving scheme Dewey Decimal Classification
Koha item type Thesis
Edition 21
Suppress in OPAC No
المقتنيات
Source of classification or shelving scheme Home library Current library Date acquired Inventory number Full call number Barcode Date last seen Effective from Koha item type
Dewey Decimal Classification المكتبة المركزبة الجديدة - جامعة القاهرة قاعة الرسائل الجامعية - الدور الاول 03.05.2026 33167 Cai01.06.04.Ph.D.2025.حم.أ 01010100033167000 03.05.2026 03.05.2026 Thesis
Cairo University Libraries Portal Implemented & Customized by: Eng. M. Mohamady Contacts: new-lib@cl.cu.edu.eg | cnul@cl.cu.edu.eg
CUCL logo CNUL logo
© All rights reserved — Cairo University Libraries
CUCL logo
Implemented & Customized by: Eng. M. Mohamady Contact: new-lib@cl.cu.edu.eg © All rights reserved — New Central Library
CNUL logo
Implemented & Customized by: Eng. M. Mohamady Contact: cnul@cl.cu.edu.eg © All rights reserved — Cairo National University Library